Tableau des médailles olympiques - Tennis - Statistiques

Statistiques générales
  • Ce quiz a été pris 153 fois
    76 depuis la dernière actualisation
  • Le résultat moyen est 9 sur 13
Statistiques - réponses
Total Or Argent Bronze Pays % Correct
19 5 6 8 France
99%
15 2 8 5 Espagne
96%
41 21 7 13 États-Unis
94%
43 17 14 12 Royaume-Uni
89%
6 3 3 0 Suisse
89%
11 3 6 2 Allemagne
87%
8 3 3 2 Russie
81%
7 2 1 4 Australie
80%
8 0 3 5 Suède
74%
9 2 3 4 Tchéquie
49%
6 1 2 3 Croatie
34%
6 3 2 1 Afrique du Sud
29%
7 1 3 3 Mouvement olympique
0%
Aucun quiz correspondant
Distribution des résultats
% des personnes avec chaque résultat
Percentile par nombre de réponses
Votre historique - résultats
Vous n’avez pas pris ce quiz depuis la dernière actualisation